| 000 | 00586nac a22001811u 4500 | ||
|---|---|---|---|
| 008 | 100906t xxu||||| |||| 00| 0 eng d | ||
| 010 | _a2003069056 | ||
| 020 | _a0130465798 | ||
| 082 | 0 | 0 |
_a004.68 _bW815 |
| 100 |
_aWisniewski, Steve. _918246 |
||
| 245 | 1 | 0 |
_aWireless and cellular networks / _cSteve Wisniewski. |
| 260 |
_aUpper Saddle River, N.J. : _bPearson/Prentice Hall, _cc2005. |
||
| 300 |
_axxix, 706 p. : _bill. ; _c25 cm. |
||
| 500 | _aIncludes index. | ||
| 650 | 0 |
_aCellular telephone systems. _918248 |
|
| 650 | 0 |
_918247 _aWireless LANs |
|
| 942 |
_cBB _k004.68W815 _2ddc |
||
| 999 |
_c637 _d637 |
||